000 00768cam a2200205 a 4500
001 000001210
005 20200929145516.0
008 841115s1943 sp a 000 1 spa
040 _aDO-SdBNP
_bspa
_cBNPHU
082 _a863.3
_bV436d
100 1 _aVélez de Guevara, Luis,
_d1579-1644
_94138
245 1 3 _aEl diablo cojuelo /
_cLuis Vélez de Guevara ; edición prologada y anotada por Fernando Gutiérrez ; ilustrada con grabados en madera por Enrique C. Ricart.
260 _aBarcelona :
_bOrbis,
_c1943.
300 _a216 p. :
_bil. ;
_c29 cm.
650 4 _aNovela española
_91123
650 4 _aLiteratura española
_9632
700 1 _aGutiérrez, Fernando,
_eed.
_94139
700 1 _aRicart, Enrique C.,
_eil.
_94140
999 _c1160
_d1160